Statistiche per Stati africani per PIL (nominale) pro capite

Clicka qui per fare il quiz!

Statistiche generali

  • Questo quiz è stato fatto 8 volte
    (3 dall'ultimo reset)
  • Il punteggio medio è 7 su 10

Statistiche sulle risposte

PIL nominale pro capite ($US)Nazione% Corretto
4 874,706Algeria
100%
8 831,823Gabon
100%
6 190,742Sudafrica
100%
7 758,371Botswana
67%
6 502,187Guinea Equatoriale
67%
5 872,222Libia
67%
11 751,506Mauritius
67%
20 889,545Seychelles
67%
4 502,784Capo Verde
33%
4 785,679Namibia
33%

Distribuzione punteggi

Percentile per numero di risposta

Percentuale di utenti per punteggio

I tuoi punteggi nel tempo

Non hai fatto questo quiz dall'ultimo reset